[Event "chess.com SpeedChess 2022"]
[Site "chess.com INT"]
[Date "2022.12.07"]
[Round "1.42"]
[White "Nihal, Sarin"]
[Black "Giri, Anish"]
[Result "1-0"]
[WhiteTitle "GM"]
[BlackTitle "GM"]
[WhiteElo "2670"]
[BlackElo "2764"]
[WhiteFideId "25092340"]
[BlackFideId "24116068"]
[EventDate "2022.11.23"]
[EventType "k.o."]

1. Nf3 Nf6 2. b3 g6 3. Bb2 Bg7 4. e3 O-O 5. d4 d6 6. Be2 Nbd7 7. O-O Re8 8. c4
c6 9. Nc3 e5 10. Rc1 e4 11. Nd2 h5 12. b4 Nf8 13. b5 h4 14. bxc6 bxc6 15. Qa4
Bd7 16. Ba3 c5 17. Qa6 cxd4 18. exd4 Ne6 19. Rfd1 Nxd4 20. Nf1 Nxe2+ 21. Nxe2
Qc8 22. Qxc8 Raxc8 23. h3 d5 24. cxd5 Rxc1 25. Bxc1 Rc8 26. Ne3 Bb5 27. Nd4 Ba4
28. Re1 Nd7 29. Nb3 Bxb3 30. axb3 Nc5 31. Ba3 Nxb3 32. d6 Rd8 33. Nd5 Nd4 34.
Rxe4 Nb5 35. Ne7+ Kf8 36. Nc6 Rd7 37. Bc5 Nxd6 38. Rxh4 a6 39. Nb8 Rd8 40. Nc6
Rd7 41. Rb4 Kg8 42. Nb8 Rd8 43. Nxa6 Nf5 44. g3 Bd4 45. Kg2 Kg7 46. Rb7 Bxc5 47.
Nxc5 Re8 48. Nd3 Nd4 49. Nf4 Ne6 50. Nd5 Rd8 51. Ne3 Rc8 52. h4 Rc5 53. Rd7 Re5
54. Nc4 1-0

[Event "chess.com SpeedChess 2022"]
[Site "chess.com INT"]
[Date "2022.12.07"]
[Round "1.43"]
[White "Giri, Anish"]
[Black "Nihal, Sarin"]
[Result "0-1"]
[WhiteTitle "GM"]
[BlackTitle "GM"]
[WhiteElo "2764"]
[BlackElo "2670"]
[WhiteFideId "24116068"]
[BlackFideId "25092340"]
[EventDate "2022.11.23"]
[EventType "k.o."]

1. d4 g6 2. e4 Bg7 3. Nf3 d6 4. Be3 a6 5. Bd3 Nd7 6. O-O Ngf6 7. h3 O-O 8. Nbd2
e5 9. c3 Re8 10. Re1 exd4 11. cxd4 c5 12. Rc1 b5 13. Bf4 Qb6 14. e5 Nd5 15. Bh2
dxe5 16. dxe5 Bb7 17. Ne4 c4 18. Bb1 Nxe5 19. b3 Rad8 20. Nxe5 Bxe5 21. Bxe5
Rxe5 22. Qf3 Rde8 23. bxc4 bxc4 24. Red1 Kg7 25. Ng3 Ne3 26. Qf4 Nxd1 27. Rxd1
Re1+ 28. Rxe1 Rxe1+ 29. Kh2 Rxb1 30. Qg5 Qd6 31. f4 Rb5 32. Nh5+ Kh8 33. Qh6
Rxh5 0-1

[Event "chess.com SpeedChess 2022"]
[Site "chess.com INT"]
[Date "2022.12.07"]
[Round "1.44"]
[White "Nihal, Sarin"]
[Black "Giri, Anish"]
[Result "1/2-1/2"]
[WhiteTitle "GM"]
[BlackTitle "GM"]
[WhiteElo "2670"]
[BlackElo "2764"]
[WhiteFideId "25092340"]
[BlackFideId "24116068"]
[EventDate "2022.11.23"]
[EventType "k.o."]

1. Nf3 Nf6 2. d4 g6 3. g3 Bg7 4. Bg2 O-O 5. O-O d6 6. Nc3 Nbd7 7. e4 e5 8. Re1
c6 9. a4 Qc7 10. h3 b6 11. dxe5 dxe5 12. Be3 Re8 13. Nd2 Ba6 14. Bf1 Bxf1 15.
Kxf1 Rad8 16. Qe2 Bf8 17. Kg2 Nc5 18. Qc4 Ne6 19. Nf3 Bc5 20. Bxc5 b5 21. axb5
cxb5 22. Nxb5 Qxc5 23. Qxc5 Nxc5 24. Rxa7 Ncxe4 25. Ra4 Nc5 26. Rc4 Ncd7 27. Nd6
Re6 28. Nb7 Rb8 29. Nc5 Nxc5 30. Rxc5 e4 31. Nd4 Rd6 32. Rb5 Ra8 33. c3 h5 34.
Re2 Ra1 35. Re5 Kg7 36. g4 hxg4 37. hxg4 Nxg4 38. R5xe4 Nf6 39. Re7 Nd5 40. R7e4
Rf6 41. Re1 Nf4+ 42. Kg3 Nh5+ 43. Kg2 Ra5 44. Kf1 Nf4 45. R4e3 Rh5 46. Kg1 Rb6
47. b4 Rb8 48. Rg3 Rbh8 49. Kf1 Rh1+ 50. Rg1 R1h3 51. Re4 Nd5 52. c4 Nxb4 53.
Nf5+ Kf6 54. Ne3 Nd3 55. Ke2 Nc5 56. Rf4+ Kg7 57. Nf5+ Kf8 58. Ne3 Ne6 59. Re4
Kg7 60. Nf5+ Kf6 61. Ne3 Rc8 62. Nd5+ Kg7 63. Nf4 Nxf4+ 64. Rxf4 Rc3 65. Rd1
Rc2+ 66. Kf1 R2xc4 67. Rxc4 Rxc4 68. Kg2 g5 69. Rd5 f6 70. Ra5 Kg6 71. Rb5 Rc3
72. Ra5 g4 73. Ra8 f5 74. Rg8+ Kf7 75. Rg5 Rf3 76. Rh5 Kg6 77. Rh8 Rb3 78. Rg8+
Kf6 79. Rf8+ Kg5 80. Rg8+ Kf4 81. Rf8 Rb2 82. Kg1 Ke4 83. Kg2 Rb3 84. Re8+ Kf4
85. Rf8 Rc3 86. Rf7 Rd3 87. Rf8 Rd2 88. Kg1 Ke4 89. Kg2 Rd5 90. Kg3 Rd3+ 91. Kg2
Rc3 92. Rf7 f4 93. Re7+ Kf5 94. Rf7+ Ke5 95. Re7+ Kf6 96. Re8 Rc2 97. Kg1 f3 98.
Re4 Kf5 99. Ra4 Rc1+ 100. Kh2 Rf1 101. Ra5+ Kg6 102. Kg3 Rg1+ 103. Kf4 Kf6 104.
Rf5+ Ke6 105. Rg5 Rg2 106. Rxg4 Rxf2 107. Rg3 Rb2 108. Rxf3 Rb4+ 109. Kg3 Re4
110. Rf4 Rxf4 111. Kxf4 1/2-1/2

[Event "chess.com SpeedChess 2022"]
[Site "chess.com INT"]
[Date "2022.12.08"]
[Round "1.11"]
[White "So, Wesley"]
[Black "Abdusattorov, Nodirbek"]
[Result "1-0"]
[WhiteTitle "GM"]
[BlackTitle "GM"]
[WhiteElo "2760"]
[BlackElo "2713"]
[WhiteFideId "5202213"]
[BlackFideId "14204118"]
[EventDate "2022.11.23"]
[EventType "k.o."]

1. e4 e5 2. Nf3 Nc6 3. Bc4 Nf6 4. d3 Bc5 5. O-O d6 6. c3 h6 7. Re1 a5 8. Nbd2
O-O 9. Nf1 Be6 10. Bb5 Bb6 11. h3 Ne7 12. d4 Ng6 13. Bd3 Nh5 14. Bc2 Nhf4 15.
Ng3 Qf6 16. Be3 Rad8 17. Nf5 Rfe8 18. g3 Nd5 19. Nxh6+ gxh6 20. exd5 Bxd5 21.
Nh2 exd4 22. cxd4 Be6 23. Qh5 Ne7 24. Rad1 Bf5 25. Bxf5 Qxf5 26. Qxh6 Ng6 27.
Ng4 Re6 28. Bg5 Rf8 29. Qh5 Kg7 30. Bh6+ 1-0

[Event "chess.com SpeedChess 2022"]
[Site "chess.com INT"]
[Date "2022.12.08"]
[Round "1.12"]
[White "Abdusattorov, Nodirbek"]
[Black "So, Wesley"]
[Result "0-1"]
[WhiteTitle "GM"]
[BlackTitle "GM"]
[WhiteElo "2713"]
[BlackElo "2760"]
[WhiteFideId "14204118"]
[BlackFideId "5202213"]
[EventDate "2022.11.23"]
[EventType "k.o."]

1. e4 e5 2. Nf3 Nc6 3. Bb5 Nf6 4. d3 Bc5 5. Bxc6 dxc6 6. Nbd2 Nd7 7. Nc4 f6 8.
O-O O-O 9. Ne3 Rf7 10. Nf5 Bf8 11. Kh1 Nc5 12. g4 g6 13. Ne3 a5 14. a4 b5 15. b3
bxa4 16. bxa4 Ne6 17. Rg1 c5 18. Bd2 Nd4 19. Nc4 c6 20. Nxd4 cxd4 21. Qe1 Rfa7
22. f4 exf4 23. Bxf4 Be6 24. Nd2 Rb7 25. Nf3 c5 26. Qf2 Qd7 27. h3 Rb4 28. e5
Bg7 29. Rge1 f5 30. gxf5 Bxf5 31. Ng5 h6 32. Ne4 Bxe4+ 33. Rxe4 Qxh3+ 34. Bh2
Rab8 35. Rae1 Qe6 36. Rf4 Rb1 37. Re4 Rxe1+ 38. Rxe1 Rb4 39. Rf1 Rxa4 40. Qg2
Rb4 41. Bf4 Rb8 42. Qe4 Rf8 43. Re1 Qh3+ 44. Bh2 Rf2 45. Rf1 Qxh2# 0-1

[Event "chess.com SpeedChess 2022"]
[Site "chess.com INT"]
[Date "2022.12.08"]
[Round "1.13"]
[White "So, Wesley"]
[Black "Abdusattorov, Nodirbek"]
[Result "1/2-1/2"]
[WhiteTitle "GM"]
[BlackTitle "GM"]
[WhiteElo "2760"]
[BlackElo "2713"]
[WhiteFideId "5202213"]
[BlackFideId "14204118"]
[EventDate "2022.11.23"]
[EventType "k.o."]

1. e4 e5 2. Nf3 Nc6 3. Bc4 Nf6 4. d3 Bc5 5. O-O d6 6. c3 a5 7. Re1 O-O 8. Nbd2
Ba7 9. h3 Be6 10. Bb5 h6 11. Nf1 Ne7 12. d4 Ng6 13. Bd3 Nh7 14. Be3 Ng5 15. Nxg5
hxg5 16. Be2 Nf4 17. Bg4 Qf6 18. Nh2 Rfe8 19. Qd2 Qg6 20. Bxe6 Rxe6 21. d5 Ree8
22. Bxa7 Rxa7 23. c4 b6 24. g3 Nxh3+ 25. Kg2 g4 26. Qe2 Ng5 27. Qxg4 a4 28. Re3
b5 29. Rc1 bxc4 30. Rxc4 Rb8 31. Re2 Rab7 32. Rxa4 Rxb2 33. Rxb2 Rxb2 34. Nf3
Nxf3 35. Ra8+ Kh7 36. Qh3+ Qh6 37. Qf5+ Qg6 38. Qh3+ Qh6 39. Qf5+ Qg6 40. Qh3+ 1/2-1/2

[Event "chess.com SpeedChess 2022"]
[Site "chess.com INT"]
[Date "2022.12.08"]
[Round "1.14"]
[White "Abdusattorov, Nodirbek"]
[Black "So, Wesley"]
[Result "1-0"]
[WhiteTitle "GM"]
[BlackTitle "GM"]
[WhiteElo "2713"]
[BlackElo "2760"]
[WhiteFideId "14204118"]
[BlackFideId "5202213"]
[EventDate "2022.11.23"]
[EventType "k.o."]

1. e4 e5 2. Nf3 Nc6 3. Bb5 Nf6 4. d3 Bc5 5. Bxc6 dxc6 6. Nbd2 Nd7 7. O-O O-O 8.
Nc4 f6 9. Be3 Rf7 10. Bxc5 Nxc5 11. Ne3 a5 12. a4 Ne6 13. Kh1 c5 14. b3 Nd4 15.
Nd2 Be6 16. Qe1 Qd7 17. f3 Rd8 18. Qf2 b6 19. Rad1 f5 20. exf5 Bxf5 21. Ndc4 Re8
22. Rde1 h6 23. Nxf5 Qxf5 24. Re4 Rfe7 25. Rfe1 Qf6 26. Ne3 Qf7 27. Ng4 Nc6 28.
Qg3 Qg6 29. Qh4 Re6 30. h3 Kh7 31. Kh2 Qf5 32. Ne3 Qf7 33. Nc4 Qf6 34. Qf2 Nd4
35. Ne3 h5 36. c3 Nc6 37. Nc4 R6e7 38. R1e3 g6 39. Qg3 Kg7 40. Qe1 Kg8 41. h4
Kg7 42. Kg1 Kg8 43. Qg3 Kg7 44. Kf2 Kg8 45. Ke2 Kg7 46. Kd2 Kh7 47. Qe1 Kg7 48.
Kc2 Kf7 49. g4 Re6 50. Qg3 hxg4 51. fxg4 Kg7 52. Rf3 Qe7 53. h5 Rf8 54. Rfe3 Qf6
55. Re2 Qf3 56. Qh4 Qf1 57. hxg6 Rh8 58. Qg3 Rf6 59. Re1 Qf2+ 60. Qxf2 Rxf2+ 61.
R1e2 Rhh2 62. Kd2 Kxg6 63. Nxe5+ Nxe5 64. Rxe5 Rxe2+ 65. Rxe2 Rh7 66. Re5 Kf6
67. Rf5+ Kg6 68. Ke3 Re7+ 69. Kf3 Rd7 70. Ke4 Re7+ 71. Re5 Rd7 72. d4 cxd4 73.
cxd4 Kf6 74. g5+ Kg6 75. Kd3 Rd6 76. Kc4 c6 77. d5 1-0

[Event "chess.com SpeedChess 2022"]
[Site "chess.com INT"]
[Date "2022.12.08"]
[Round "1.15"]
[White "So, Wesley"]
[Black "Abdusattorov, Nodirbek"]
[Result "0-1"]
[WhiteTitle "GM"]
[BlackTitle "GM"]
[WhiteElo "2760"]
[BlackElo "2713"]
[WhiteFideId "5202213"]
[BlackFideId "14204118"]
[EventDate "2022.11.23"]
[EventType "k.o."]

1. e4 e5 2. Nf3 Nc6 3. Bc4 Nf6 4. d3 Bc5 5. O-O d6 6. c3 h6 7. Re1 a5 8. Nbd2
O-O 9. h3 Be6 10. Bb5 Nh7 11. Nf1 f5 12. exf5 Bxf5 13. d4 exd4 14. cxd4 Bb6 15.
Ng3 Bg6 16. Be3 Nb4 17. Ba4 Kh8 18. Re2 Nd5 19. Bc2 Qf6 20. Ne4 Nxe3 21. Rxe3
Bxe4 22. Bxe4 Ng5 23. Bb1 Bxd4 24. Rb3 a4 25. h4 axb3 26. hxg5 Bxf2+ 27. Kxf2
Qxb2+ 28. Kg3 Qxa1 29. Qd3 Rxf3+ 30. gxf3 g6 31. axb3 Qe5+ 32. f4 Qe1+ 33. Kf3
Re8 34. Qd4+ Kg8 35. Bxg6 Qe2+ 36. Kg3 Re3+ 37. Kh4 Qh2+ 38. Kg4 Qh3# 0-1

[Event "chess.com SpeedChess 2022"]
[Site "chess.com INT"]
[Date "2022.12.08"]
[Round "1.16"]
[White "Abdusattorov, Nodirbek"]
[Black "So, Wesley"]
[Result "0-1"]
[WhiteTitle "GM"]
[BlackTitle "GM"]
[WhiteElo "2713"]
[BlackElo "2760"]
[WhiteFideId "14204118"]
[BlackFideId "5202213"]
[EventDate "2022.11.23"]
[EventType "k.o."]

1. e4 e5 2. Nf3 Nc6 3. Bb5 Nf6 4. d3 Bc5 5. Bxc6 dxc6 6. Nbd2 Nd7 7. O-O O-O 8.
Nc4 f6 9. Be3 Bd6 10. d4 Nb6 11. Nxd6 cxd6 12. Qd3 Be6 13. b3 f5 14. c4 fxe4 15.
Qxe4 Bf5 16. Qh4 e4 17. Qxd8 Raxd8 18. Nd2 d5 19. Rac1 Be6 20. Rfe1 a5 21. Bg5
Rde8 22. Bh4 Nd7 23. Nf1 a4 24. Ne3 axb3 25. axb3 Rc8 26. h3 Kf7 27. Rc3 Nb6 28.
Bg3 Ra8 29. Bc7 Nd7 30. Rec1 Rfc8 31. cxd5 Bxd5 32. Bf4 Ke6 33. b4 Ra4 34. Rb1
b5 35. Kh2 Nb6 36. Rc5 Ra2 37. Bg3 h5 38. Rbc1 Kd7 39. h4 g6 40. Rb1 Rca8 41.
Rc3 Ra1 42. Rcc1 Rxb1 43. Rxb1 Ra2 44. Kg1 Na4 45. Kh2 Rb2 46. Rc1 Nb6 47. Ra1
Na4 48. Rc1 Rxb4 49. Nxd5 cxd5 50. Rc7+ Ke8 51. Be5 Rc4 52. Rb7 b4 53. Kg3 Rc3+
54. Kf4 b3 55. Kg5 b2 56. Rb8+ Kd7 57. Rb4 Rc1 58. Kxg6 b1=Q 59. Rxb1 Rxb1 60.
Kxh5 Ke6 61. Kg6 Nb6 62. h5 Nd7 63. Bf4 Rg1 64. g3 Rg2 65. Be3 Nf6 66. h6 Rh2
67. Bg5 Rxf2 0-1

[Event "chess.com SpeedChess 2022"]
[Site "chess.com INT"]
[Date "2022.12.08"]
[Round "1.17"]
[White "So, Wesley"]
[Black "Abdusattorov, Nodirbek"]
[Result "1-0"]
[WhiteTitle "GM"]
[BlackTitle "GM"]
[WhiteElo "2760"]
[BlackElo "2713"]
[WhiteFideId "5202213"]
[BlackFideId "14204118"]
[EventDate "2022.11.23"]
[EventType "k.o."]

1. e4 e5 2. Nf3 Nc6 3. Bc4 Nf6 4. d3 Bc5 5. Nc3 h6 6. O-O O-O 7. Be3 Bb6 8. h3
d6 9. d4 exd4 10. Nxd4 Nxd4 11. Bxd4 Bxd4 12. Qxd4 Re8 13. Rad1 Be6 14. Be2 Qe7
15. f4 a6 16. Bf3 Rad8 17. Rfe1 c6 18. Rd2 Qc7 19. Kh2 b5 20. a3 Bc8 21. Qf2 c5
22. Qg3 b4 23. axb4 cxb4 24. Nd1 Bb7 25. Nf2 a5 26. b3 Re6 27. e5 dxe5 28. Rxd8+
Qxd8 29. Bxb7 exf4 30. Qd3 Qb6 31. Rxe6 fxe6 32. Qf3 e5 33. Bd5+ Kf8 34. Bc4 Qd4
35. Ng4 Nxg4+ 36. Qxg4 Qd6 37. Qf5+ Ke7 38. Qf7+ Kd8 39. Qxg7 Qc5 40. Qxh6 Qe3
41. Qd6+ Ke8 42. Qd3 Qf2 43. Qg6+ Ke7 44. Qe6+ Kd8 45. Qd6+ Ke8 46. Qxe5+ 1-0

[Event "chess.com SpeedChess 2022"]
[Site "chess.com INT"]
[Date "2022.12.08"]
[Round "1.18"]
[White "Abdusattorov, Nodirbek"]
[Black "So, Wesley"]
[Result "1-0"]
[WhiteTitle "GM"]
[BlackTitle "GM"]
[WhiteElo "2713"]
[BlackElo "2760"]
[WhiteFideId "14204118"]
[BlackFideId "5202213"]
[EventDate "2022.11.23"]
[EventType "k.o."]

1. e4 e5 2. Nf3 Nc6 3. Bb5 Nf6 4. d3 Bc5 5. Bg5 h6 6. Bh4 Be7 7. O-O d6 8. d4
O-O 9. Nc3 Nxd4 10. Nxd4 exd4 11. Qxd4 c6 12. Bd3 Qb6 13. Qxb6 axb6 14. a4 g5
15. Bg3 Nh5 16. Ne2 Be6 17. Nd4 Nxg3 18. hxg3 Bf6 19. c3 Bd7 20. Bc2 Rfe8 21.
Rad1 Rad8 22. f4 Kg7 23. Rd2 Bg4 24. Rdf2 Rd7 25. Rd2 Rdd8 26. Nf3 Be6 27. Rfd1
d5 28. e5 Be7 29. f5 Bc5+ 30. Kh2 Bc8 31. g4 h5 32. Kg3 f6 33. e6 Bd6+ 34. Kh3
Rh8 35. g3 hxg4+ 36. Kxg4 Bc7 37. b4 Kf8 38. b5 Ke7 39. Nd4 Rd6 40. Bb3 Rh6 41.
Re2 Rh8 42. Rdd2 c5 43. Nf3 c4 44. Bc2 Rdd8 45. Rh2 Kd6 46. Rxh8 Rxh8 47. Be4
Ke7 48. Bxd5 Rh1 49. Bxc4 Rc1 50. Rh2 Rxc3 51. Rh7+ Kd6 52. Bf1 Ra3 53. e7 Bd7
54. Bg2 Rxa4+ 55. Kh5 Be8+ 56. Kh6 Re4 57. Nxg5 Re2 58. Ne4+ Ke5 59. Bf3 Rh2+
60. Kg7 Rxh7+ 61. Kxh7 Bxb5 62. Kg7 Kxf5 63. g4+ Ke6 64. Kf8 Bc6 65. Bd1 Be8 66.
Kxe8 1-0

[Event "chess.com SpeedChess 2022"]
[Site "chess.com INT"]
[Date "2022.12.08"]
[Round "1.21"]
[White "So, Wesley"]
[Black "Abdusattorov, Nodirbek"]
[Result "1/2-1/2"]
[WhiteTitle "GM"]
[BlackTitle "GM"]
[WhiteElo "2760"]
[BlackElo "2713"]
[WhiteFideId "5202213"]
[BlackFideId "14204118"]
[EventDate "2022.11.23"]
[EventType "k.o."]

1. e3 c5 2. Nf3 Nf6 3. d4 d5 4. Nbd2 Nc6 5. dxc5 e6 6. a3 Bxc5 7. b4 Be7 8. Bb2
O-O 9. c4 b6 10. Rc1 Bb7 11. Bd3 dxc4 12. Nxc4 b5 13. Nce5 Nxe5 14. Bxe5 a5 15.
O-O axb4 16. axb4 Bxf3 17. gxf3 Bxb4 18. Bxb5 Qxd1 19. Rfxd1 Ra5 20. Bxf6 gxf6 1/2-1/2

[Event "chess.com SpeedChess 2022"]
[Site "chess.com INT"]
[Date "2022.12.08"]
[Round "1.22"]
[White "Abdusattorov, Nodirbek"]
[Black "So, Wesley"]
[Result "0-1"]
[WhiteTitle "GM"]
[BlackTitle "GM"]
[WhiteElo "2713"]
[BlackElo "2760"]
[WhiteFideId "14204118"]
[BlackFideId "5202213"]
[EventDate "2022.11.23"]
[EventType "k.o."]

1. e4 e5 2. Nf3 Nf6 3. Nxe5 d6 4. Nf3 Nxe4 5. d4 d5 6. Bd3 Bf5 7. O-O Be7 8. Re1
O-O 9. Nbd2 Nd6 10. Nf1 c6 11. Ng3 Bxd3 12. Qxd3 Na6 13. Bf4 Nc7 14. b3 Ne6 15.
Bd2 Re8 16. Re2 g6 17. Rae1 Bf6 18. c3 Ng7 19. Ne5 h5 20. Qf3 Re6 21. h3 Qe7 22.
Nd3 Re8 23. Rxe6 Nxe6 24. Nc5 Bg5 25. Qd1 Bxd2 26. Qxd2 h4 27. Nf1 Qf6 28. Nxe6
Rxe6 29. Rxe6 Qxe6 30. Qf4 Kg7 31. Ne3 Ne4 32. c4 Nc3 33. Qxh4 Nxa2 34. Qd8 Nc3
35. Kh2 Qf6 36. Qxf6+ Kxf6 37. g4 a5 38. cxd5 cxd5 39. h4 b5 40. Nc2 b4 41. Kg3
a4 42. bxa4 b3 43. Na3 Nxa4 44. Kf4 Nc3 45. h5 g5+ 46. Ke3 b2 47. Kd3 b1=Q+ 48.
Nxb1 Nxb1 49. Ke3 Na3 50. f4 Nc2+ 51. Kd3 Nb4+ 52. Ke3 Nc6 53. f5 Nb4 54. Kd2
Nc6 55. Kc3 Kg7 56. Kd3 Kf8 57. Kc3 Ke8 58. Kd3 Ke7 59. Kc3 Kf6 60. Kd3 Ne7 61.
Ke3 Ng8 62. Kf3 Nh6 0-1

[Event "chess.com SpeedChess 2022"]
[Site "chess.com INT"]
[Date "2022.12.08"]
[Round "1.23"]
[White "So, Wesley"]
[Black "Abdusattorov, Nodirbek"]
[Result "0-1"]
[WhiteTitle "GM"]
[BlackTitle "GM"]
[WhiteElo "2760"]
[BlackElo "2713"]
[WhiteFideId "5202213"]
[BlackFideId "14204118"]
[EventDate "2022.11.23"]
[EventType "k.o."]

1. e4 c5 2. Nf3 e6 3. g3 Nc6 4. Bg2 Nf6 5. Nc3 d5 6. exd5 exd5 7. d4 Bg4 8. O-O
Nxd4 9. Qe1+ Be7 10. Nxd4 cxd4 11. Ne2 O-O 12. Nxd4 Qd7 13. h3 Bh5 14. Be3 Rfe8
15. Qd2 Bg6 16. Rad1 Be4 17. f3 Bg6 18. Ne2 Qb5 19. c3 Bc5 20. Nd4 Qd7 21. Rfe1
h6 22. Bf2 a6 23. Ne2 Bxf2+ 24. Kxf2 Qd6 25. Qd4 Bc2 26. Rc1 Bf5 27. h4 Bd7 28.
Nf4 Rac8 29. Bf1 Bf5 30. Rcd1 Rxe1 31. Rxe1 Rd8 32. Rd1 Be6 33. Rd2 Ne8 34. Bd3
Nf6 35. Bb1 Kf8 36. a3 Re8 37. Ba2 Rd8 38. Kg2 Qc7 39. g4 Qd6 40. Re2 Re8 41. c4
Bd7 42. Rxe8+ Bxe8 43. c5 Qe7 44. Bxd5 Nxd5 45. Qxd5 Qe1 46. Qd6+ Kg8 47. Qd8
Kh7 48. Qd3+ Kg8 49. Qe2 Qxe2+ 50. Nxe2 g5 51. Nc3 f6 0-1

[Event "chess.com SpeedChess 2022"]
[Site "chess.com INT"]
[Date "2022.12.08"]
[Round "1.24"]
[White "Abdusattorov, Nodirbek"]
[Black "So, Wesley"]
[Result "1/2-1/2"]
[WhiteTitle "GM"]
[BlackTitle "GM"]
[WhiteElo "2713"]
[BlackElo "2760"]
[WhiteFideId "14204118"]
[BlackFideId "5202213"]
[EventDate "2022.11.23"]
[EventType "k.o."]

1. e4 e5 2. Nf3 Nf6 3. Nxe5 d6 4. Nf3 Nxe4 5. d4 d5 6. Bd3 Be7 7. O-O Bf5 8. Re1
O-O 9. Nbd2 Nd6 10. Nf1 c6 11. Ng3 Bxd3 12. Qxd3 Na6 13. Bd2 Re8 14. b3 Nc7 15.
Re2 g6 16. Rae1 Bf8 17. h4 Rxe2 18. Rxe2 Ne6 19. h5 Qf6 20. Ne5 Re8 21. Nd7 Qd8
22. Nxf8 Nxf8 23. c4 Rxe2 24. Nxe2 Ne6 25. cxd5 cxd5 26. Nf4 Nxf4 27. Bxf4 Nf5
28. g4 Ng7 29. hxg6 hxg6 30. Be5 Ne6 31. Qf3 Qg5 32. Kg2 Qh4 33. Bf6 Ng5 34.
Bxg5 Qxg5 35. Kg3 Kg7 36. Qf4 Qxf4+ 37. Kxf4 Kf6 38. g5+ Ke6 39. Kg4 b5 40. b4
Kd6 41. f4 Ke6 42. f5+ Ke7 43. a3 Kd7 44. Kf4 Kd6 45. f6 Ke6 46. Kg4 Kd6 47. Kf4
Ke6 48. Kg4 Kd6 49. Kf4 1/2-1/2

[Event "chess.com SpeedChess 2022"]
[Site "chess.com INT"]
[Date "2022.12.08"]
[Round "1.25"]
[White "So, Wesley"]
[Black "Abdusattorov, Nodirbek"]
[Result "0-1"]
[WhiteTitle "GM"]
[BlackTitle "GM"]
[WhiteElo "2760"]
[BlackElo "2713"]
[WhiteFideId "5202213"]
[BlackFideId "14204118"]
[EventDate "2022.11.23"]
[EventType "k.o."]

1. e4 c5 2. Nf3 e6 3. g3 Nc6 4. Bg2 Nf6 5. Nc3 d5 6. exd5 exd5 7. d4 Bg4 8. O-O
Nxd4 9. Qe1+ Be7 10. Nxd4 cxd4 11. Ne2 O-O 12. Nxd4 Re8 13. Be3 Qd7 14. Qd2 Bh3
15. Rfe1 Bxg2 16. Kxg2 Ne4 17. Qd3 Bf6 18. Rad1 Rad8 19. c3 h5 20. Ne2 g5 21. f3
Nd6 22. Bxa7 Nc4 23. Rb1 b6 24. Bxb6 Nxb6 25. Nd4 Nc4 26. Nf5 Rxe1 27. Rxe1 Nxb2
28. Nh6+ Kg7 29. Nf5+ Kf8 30. Qb1 Nc4 31. h4 gxh4 32. gxh4 Re8 33. Qb4+ Kg8 34.
Rxe8+ Qxe8 35. Kf2 Qe5 36. Qb1 Qh2+ 0-1

[Event "chess.com SpeedChess 2022"]
[Site "chess.com INT"]
[Date "2022.12.08"]
[Round "1.26"]
[White "Abdusattorov, Nodirbek"]
[Black "So, Wesley"]
[Result "1/2-1/2"]
[WhiteTitle "GM"]
[BlackTitle "GM"]
[WhiteElo "2713"]
[BlackElo "2760"]
[WhiteFideId "14204118"]
[BlackFideId "5202213"]
[EventDate "2022.11.23"]
[EventType "k.o."]

1. e4 e5 2. Nf3 Nc6 3. Bb5 Nf6 4. d3 Bc5 5. Bxc6 dxc6 6. Nbd2 Be6 7. O-O Bd6 8.
Ng5 Bg4 9. Ngf3 Nd7 10. Nc4 f6 11. Ne3 Bh5 12. Kh1 Bf7 13. Nh4 g6 14. g3 Qe7 15.
a4 a5 16. Bd2 b6 17. Qe2 Nc5 18. Bc3 Ne6 19. Nc4 Bb4 20. f4 Nd4 21. Bxd4 exd4
22. Nf3 O-O-O 23. Ncd2 g5 24. fxg5 fxg5 25. Ne5 Be8 26. Rf5 Kb7 27. Raf1 Bg6 28.
Nxg6 hxg6 29. Rf7 Qe5 30. Nc4 Qxg3 31. Qg2 Qxg2+ 32. Kxg2 Rh6 33. Ne5 Rdh8 34.
Rh1 Bd6 35. Ng4 Rh4 36. h3 Bf4 37. e5 R4h7 38. Rxh7 Rxh7 39. Re1 Kc8 40. e6 Kd8
41. Nf6 Rg7 42. Kf3 Ke7 43. Nd7 Rh7 44. Kg2 Kd6 45. Nf8 Rg7 46. Kf3 Be3 47. Kg4
Ke7 48. Rf1 Bf4 49. h4 Kxf8 50. hxg5 Ke7 51. Rxf4 Kxe6 52. Rxd4 Rh7 53. Rf4 Rh2
54. Rf6+ Kd5 55. c4+ Kc5 56. Rxg6 Rxb2 57. Rf6 b5 58. cxb5 cxb5 59. Rf5+ Kd6 60.
axb5 a4 61. Rf6+ Ke7 62. Ra6 Rxb5 63. Rxa4 Rd5 64. Re4+ Kf7 65. d4 c5 66. Rf4+
Kg7 67. dxc5 Rxc5 68. Kh5 Rc6 69. Re4 Rc7 70. Re6 Rb7 71. Rg6+ Kh7 72. Rf6 Kg7
73. Rh6 Rc7 74. Rg6+ Kh7 75. Rb6 Rd7 76. g6+ Kg7 77. Rb5 Re7 78. Kg5 Rd7 79. Rf5
Rc7 80. Rf7+ Rxf7 81. gxf7 Kxf7 1/2-1/2

[Event "chess.com SpeedChess 2022"]
[Site "chess.com INT"]
[Date "2022.12.08"]
[Round "1.27"]
[White "So, Wesley"]
[Black "Abdusattorov, Nodirbek"]
[Result "1-0"]
[WhiteTitle "GM"]
[BlackTitle "GM"]
[WhiteElo "2760"]
[BlackElo "2713"]
[WhiteFideId "5202213"]
[BlackFideId "14204118"]
[EventDate "2022.11.23"]
[EventType "k.o."]

1. e4 c5 2. Nf3 e6 3. g3 Nc6 4. Bg2 Nf6 5. Nc3 d5 6. exd5 exd5 7. d4 Bg4 8. O-O
Nxd4 9. Qe1+ Be7 10. Nxd4 cxd4 11. Ne2 O-O 12. Nxd4 Re8 13. h3 Bc5 14. Qc3 Ne4
15. Bxe4 Bxd4 16. Bxh7+ Kxh7 17. Qd3+ Kg8 18. hxg4 Re4 19. Kg2 Bb6 20. f3 Re6
21. Rh1 g6 22. Bd2 d4 23. Rae1 Qd5 24. Rxe6 Qxe6 25. b3 Rc8 26. c4 a5 27. a4 Re8
28. Re1 Qxe1 29. Bxe1 Rxe1 30. Qd2 Re3 31. c5 Bxc5 32. Qxa5 b6 33. Qa8+ Kg7 34.
Qd5 Re2+ 35. Kh3 Rd2 36. a5 d3 37. a6 Bg1 38. g5 b5 39. Qe5+ Kg8 40. Qb8+ Kg7
41. a7 Rh2+ 42. Kg4 Bxa7 43. Qxa7 d2 44. Qd4+ Kf8 45. Kf4 Re2 46. g4 Ke7 47. Qd3
Rh2 48. Kg3 1-0

[Event "chess.com SpeedChess 2022"]
[Site "chess.com INT"]
[Date "2022.12.08"]
[Round "1.28"]
[White "Abdusattorov, Nodirbek"]
[Black "So, Wesley"]
[Result "0-1"]
[WhiteTitle "GM"]
[BlackTitle "GM"]
[WhiteElo "2713"]
[BlackElo "2760"]
[WhiteFideId "14204118"]
[BlackFideId "5202213"]
[EventDate "2022.11.23"]
[EventType "k.o."]

1. e4 e5 2. Nf3 Nc6 3. Bb5 Nf6 4. d3 Bc5 5. Bxc6 dxc6 6. Nbd2 Be6 7. O-O Bd6 8.
b3 Nd7 9. Nc4 Qe7 10. a4 a5 11. Ne3 g6 12. Kh1 b6 13. Nd2 O-O 14. Ndc4 Bc5 15.
Bb2 f6 16. Qe1 Bb4 17. Qe2 b5 18. Nd2 Bd6 19. Bc3 Bb4 20. Bxb4 axb4 21. axb5
cxb5 22. Rxa8 Rxa8 23. f4 exf4 24. Rxf4 Qc5 25. Rf1 Ra2 26. h3 Kg7 27. Qf2 Qc3
28. d4 Ra1 29. Rxa1 Qxa1+ 30. Kh2 c5 31. d5 Qe5+ 32. Kg1 Bf7 33. Qe2 Qd4 34. Kh2
Ne5 35. Ng4 c4 36. Nxe5 Qxe5+ 37. Kg1 Bxd5 38. Qf2 Bf7 39. Qe3 Qc3 40. Kf2 g5
41. e5 Qxe5 42. Qxe5 fxe5 43. Ke3 c3 44. Ne4 Bg6 45. g4 Bxe4 46. Kxe4 Kf6 47.
Kd5 h6 48. Kc5 Ke6 49. Kxb4 Kd5 50. Kxc3 Ke4 51. Kd2 Kf3 52. c4 Kf2 53. Kd3 Kf3
54. Kd2 Kf2 55. cxb5 e4 56. b6 e3+ 57. Kc2 e2 58. b7 e1=Q 59. b8=Q Qe2+ 60. Kc3
Qe3+ 61. Kc4 Qxh3 62. Qf8+ Kg3 63. Qd6+ Kxg4 64. Qe6+ Kg3 65. Qd6+ Kg2 66. b4 g4
67. Qd2+ Kg1 68. Qc1+ Qf1+ 69. Qxf1+ Kxf1 70. b5 g3 71. b6 g2 72. b7 g1=Q 73.
b8=Q Qg4+ 74. Kd3 Qf3+ 75. Kd4 Kg2 76. Qg8+ Kf2 77. Qa2+ Kg3 78. Qe6 Qg4+ 79.
Qxg4+ Kxg4 0-1